<?xml version="1.0" encoding="UTF-8"?>
<record
    xmlns:xsi="http://www.w3.org/2001/XMLSchema-instance"
    xsi:schemaLocation="http://www.loc.gov/MARC21/slim http://www.loc.gov/standards/marcxml/schema/MARC21slim.xsd"
    xmlns="http://www.loc.gov/MARC21/slim">

  <leader>01448nam a22002897a 4500</leader>
  <controlfield tag="003">SISC</controlfield>
  <controlfield tag="005">20180108153614.0</controlfield>
  <controlfield tag="008">180108b        xxu||||| |||| 00| 0 eng d</controlfield>
  <datafield tag="020" ind1=" " ind2=" ">
    <subfield code="a">9781611599275</subfield>
  </datafield>
  <datafield tag="050" ind1=" " ind2=" ">
    <subfield code="a">PZ 5</subfield>
    <subfield code="b">.C45 2013</subfield>
  </datafield>
  <datafield tag="100" ind1=" " ind2=" ">
    <subfield code="a">Sorbo, Kevin</subfield>
  </datafield>
  <datafield tag="245" ind1=" " ind2=" ">
    <subfield code="a">Chicken soup for the soul:</subfield>
    <subfield code="b">think positive for kids : 101 stories about good decisions, self-esteem, and positive thinking /</subfield>
    <subfield code="c">[compiled by] Kevin Sorbo [and] Amy Newmark</subfield>
  </datafield>
  <datafield tag="260" ind1=" " ind2=" ">
    <subfield code="a">[Connecticut] :</subfield>
    <subfield code="b">Chicken Soup for the Soul Publishing,</subfield>
    <subfield code="c">c2013.</subfield>
  </datafield>
  <datafield tag="300" ind1=" " ind2=" ">
    <subfield code="a">xiv, 366 pages :</subfield>
    <subfield code="b">illustrations ; </subfield>
    <subfield code="c">22 cm.</subfield>
  </datafield>
  <datafield tag="440" ind1=" " ind2=" ">
    <subfield code="a">Chicken soup for the soul</subfield>
  </datafield>
  <datafield tag="520" ind1=" " ind2=" ">
    <subfield code="a">A collection of 101 personal stories about children making good decisions, doing the right thing, thinking positively, overcoming obstacles, and being grateful. </subfield>
  </datafield>
  <datafield tag="526" ind1=" " ind2=" ">
    <subfield code="b">Interest age level: 007-012</subfield>
  </datafield>
  <datafield tag="650" ind1=" " ind2=" ">
    <subfield code="2">Library of Congress Subject Headings</subfield>
    <subfield code="a">Children</subfield>
    <subfield code="x">Conduct of life</subfield>
    <subfield code="v">Literary collections</subfield>
  </datafield>
  <datafield tag="650" ind1=" " ind2=" ">
    <subfield code="2">Library of Congress Subject Headings</subfield>
    <subfield code="a">Optimism</subfield>
    <subfield code="v">Literary collections</subfield>
  </datafield>
  <datafield tag="650" ind1=" " ind2=" ">
    <subfield code="2">Library of Congress Subject Headings</subfield>
    <subfield code="a">Children</subfield>
    <subfield code="x">Conduct of life</subfield>
    <subfield code="v">Anecdotes</subfield>
  </datafield>
  <datafield tag="650" ind1=" " ind2=" ">
    <subfield code="2">Library of Congress Subject Headings</subfield>
    <subfield code="a">Optimism</subfield>
    <subfield code="v">Anecdotes</subfield>
  </datafield>
  <datafield tag="650" ind1=" " ind2=" ">
    <subfield code="2">Library of Congress Subject Headings </subfield>
    <subfield code="a">Children</subfield>
    <subfield code="x">Conduct of life</subfield>
  </datafield>
  <datafield tag="650" ind1=" " ind2=" ">
    <subfield code="2">Library of Congress Subject Headings</subfield>
    <subfield code="a">Optimism</subfield>
  </datafield>
  <datafield tag="650" ind1=" " ind2=" ">
    <subfield code="2">Library of Congress Subject Headings</subfield>
    <subfield code="a">Anecdotes</subfield>
  </datafield>
  <datafield tag="700" ind1=" " ind2=" ">
    <subfield code="a">Newmark, Amy</subfield>
  </datafield>
  <datafield tag="942" ind1=" " ind2=" ">
    <subfield code="2">lcc</subfield>
    <subfield code="c">BK</subfield>
  </datafield>
  <datafield tag="999" ind1=" " ind2=" ">
    <subfield code="c">353212</subfield>
    <subfield code="d">353212</subfield>
  </datafield>
  <datafield tag="952" ind1=" " ind2=" ">
    <subfield code="0">0</subfield>
    <subfield code="1">0</subfield>
    <subfield code="2">lcc</subfield>
    <subfield code="4">0</subfield>
    <subfield code="a">LUX</subfield>
    <subfield code="b">LUX</subfield>
    <subfield code="c">TR</subfield>
    <subfield code="d">2018-01-08</subfield>
    <subfield code="e">Library Fund</subfield>
    <subfield code="l">1</subfield>
    <subfield code="m">1</subfield>
    <subfield code="o">PZ 5 .C45 2013 c.1</subfield>
    <subfield code="p">20472</subfield>
    <subfield code="r">2020-06-08 00:00:00</subfield>
    <subfield code="s">2020-03-11</subfield>
    <subfield code="t">1</subfield>
    <subfield code="w">2018-01-08</subfield>
    <subfield code="y">BK</subfield>
  </datafield>
  <datafield tag="952" ind1=" " ind2=" ">
    <subfield code="0">0</subfield>
    <subfield code="1">0</subfield>
    <subfield code="2">lcc</subfield>
    <subfield code="4">0</subfield>
    <subfield code="a">LUX</subfield>
    <subfield code="b">LUX</subfield>
    <subfield code="c">HS</subfield>
    <subfield code="d">2018-01-08</subfield>
    <subfield code="e">Library Fund</subfield>
    <subfield code="l">0</subfield>
    <subfield code="o">PZ 5 .C45 2013 c.2</subfield>
    <subfield code="p">20471</subfield>
    <subfield code="r">2018-01-08 00:00:00</subfield>
    <subfield code="t">2</subfield>
    <subfield code="w">2018-01-08</subfield>
    <subfield code="y">BK</subfield>
  </datafield>
</record>
